White 2115 wszytkie nuty z Pretty Boy - Statystyki

Ogólne statystyki
  • Ten quiz został rozwiązany 576 razy
  • Średni wynik to 12 z 15
Statystyki odpowiedzi
Hint Odpowiedź % Poprawnych
Pretty Boy
91%
Riri
91%
Feat. Kinny zimmer Pierwszy raz
90%
18
88%
After party
85%
Easy rider
84%
Sąsiedzi
84%
Feat. Bialas Buch na dwóch
83%
Najmłodszy łajcior
79%
Broly
77%
Booker
75%
Milanówek callin'
75%
Bulletproof
74%
Traplife
74%
Śliczny chłopiec
70%
Nie znaleziono quizów pasujących do podanych kryteriów
Rozkład punktacji
Procent ludzi z każdym wynikiem
Percentyl według liczby udzielonych odpowiedzi
Twoja historia wyników
Nie rozwiązałeś tego quizu